[Event "EU-ch 4th"]
[Site "Istanbul"]
[Date "2003.06.12"]
[Round "12"]
[White "Graf, Alexander"]
[Black "Grischuk, Alexander"]
[Result "1-0"]
[WhiteElo "2630"]
[BlackElo "2701"]
[Annotator "Ftacnik,L"]
[PlyCount "101"]
[EventDate "2003.05.30"]
[EventType "swiss"]
[EventRounds "13"]
[EventCountry "TUR"]
[SourceTitle "CBM 096"]
[Source "ChessBase"]
[SourceDate "2003.09.25"]
[SourceVersion "1"]
[SourceVersionDate "2003.09.25"]
[SourceQuality "1"]

1. d4 d5 2. Nf3 Nf6 3. c4 c6 4. cxd5 cxd5 5. Nc3 Nc6 6. Bf4 a6 7. Rc1 Bf5 8. e3
e6 9. Qb3 Ra7 10. Be2 Be7 11. O-O Nd7 12. Na4 g5 {Graf has specially prepared
this set up against the Slav variation with a6, but Grischuk is well informed.}
(12... Bg4 13. h3 Bxf3 14. Bxf3 O-O 15. Rfd1 Nf6 16. Nc5 Na5 17. Qc2 Nc4 18. b3
Nd6 19. Be2 h6 20. Bd3 {1-0 Sulava,N-Pert,N/Montpellier 2003/ (65)}) (12... O-O
13. Nc5 (13. h3 h6 14. Rfd1 Qa5 15. Ne1 Rc8 16. Nd3 Bxd3 17. Bxd3 b5 18. Nc5
Nxc5 19. dxc5 Qb4 20. Qc2 Bf6 21. Rd2 Ne5 22. a3 Qa5 23. Bxe5 Bxe5 24. b4 Qc7
25. Rdd1 Rd8 26. e4 {1-0 Surjadnji,A-Sumets,A/Alushta 1999/ (63)}) 13... Nxc5
14. dxc5 Bg4 15. h3 (15. Rfd1 Qa5 16. Qb6 Rc8 17. Qxa5 Nxa5 18. h3 Bxf3 19.
Bxf3 Raa8 20. e4 dxe4 21. Bxe4 Rxc5 22. Rd7 Rxc1+ 23. Bxc1 Kf8 24. Bd2 Rd8 25.
Rxd8+ Bxd8 26. Bxa5 Bxa5 27. Bxb7 Bd2 {1/2-1/2 Graf,A-Goloshchapov,A/Novgorod
1999/ (59)}) 15... Bh5 16. Rfd1 Qc8 17. Rd2 Ra8 18. Qa4 Rd8 19. b4 f6 20. Bg3
Bf8 21. Qb3 Bf7 22. a3 e5 23. Qb2 Qe6 24. Bd1 Rd7 25. Bb3 Qe8 26. Rcd1 Rad8 27.
Qa2 {1-0 Sulava,N-Dumitrache,D/Nice 2002/ (50)}) 13. Be5 Ncxe5 (13... Rg8 14.
Bg3 h5 15. Nc5 Nxc5 16. dxc5 h4 17. Bd6 Bg4 18. h3 Bxf3 19. Bxf3 f5 20. Bh5+
Kf8 21. e4 Bxd6 22. cxd6 Qxd6 23. exf5 exf5 24. Rfd1 Ne7 25. Bf3 Rg6 26. Bxd5 {
1-0 Milov,V-Piket,J/Groningen 1998/ (46)}) 14. Nxe5 Nxe5 15. dxe5 b5 16. Nc5
O-O 17. Bd3 Bg6 18. Bxg6 hxg6 19. Nd3 (19. Qd3 Rc7 20. Nxe6 fxe6 21. Qxg6+ Kh8
22. Qh6+ Kg8 23. Qxe6+ Kg7 24. Rxc7 Qxc7 25. h4 gxh4 26. Rd1 {1/2-1/2 Eingorn,
V-Grabarczyk,M/Bad Wiessee 1999/ (33)}) 19... d4 (19... Rc7 20. Rxc7 Qxc7 21.
Rc1 Qa5 22. a3 $14) 20. e4 (20. Nc5 Bxc5 21. Rxc5 dxe3 22. Qxe3 Rd7 23. Rc6 $14
) 20... Qa8 {Black has to be careful due to the blockading knight on d3, but
his counterplay along the c file will be sufficient.} 21. Rce1 Rc7 22. Qd1 Kg7
23. Qg4 Rh8 24. g3 Rc2 (24... Qg8 25. Re2 (25. Qe2 Qh7 26. f3 Qh5 $11) 25...
Qh7 26. f4 Qh5 27. Qxh5 Rxh5 28. f5 gxf5 29. exf5 exf5 30. Rxf5 Rh6 31. Ref2
Bd8 $11) 25. Re2 Qc6 26. Rxc2 Qxc2 27. Qd1 Rc8 (27... Qxd1 28. Rxd1 g4 29. Rc1
Rb8 30. Rc7 Bd8 31. Rd7 Bb6 32. b4 Rc8 33. Nf4 Rc6 $13) 28. h3 Qc7 (28... Qxd1
29. Rxd1 Rc2 30. Kf1 a5 31. Rc1 Rc4 (31... Rd2 $2 32. Ke1 Rxd3 33. Ke2 $16) 32.
Ke2 a4 $11) 29. Qe2 Qa5 30. a3 Rc4 31. f4 Qd8 32. Rf2 (32. f5 exf5 33. exf5
gxf5 34. Rxf5 Qd5 $11) 32... a5 {Black is tirelessly creating counterplay, the
position is more or less balanced.} 33. Qg4 (33. Qf3 gxf4 34. gxf4 Qa8 $11)
33... b4 34. axb4 axb4 35. f5 exf5 36. exf5 gxf5 37. Qxf5 Qd5 38. h4 Qe6 39.
Qf3 (39. Qxe6 fxe6 40. h5 g4 41. Nf4 (41. Rf4 Bg5 42. Rxg4 Kh6 $15) 41... Rc6
42. Rd2 Kh6 43. Kf1 Rc5 $15) 39... gxh4 (39... b3 40. Qd1 Rc8 41. h5 f6 42.
exf6+ Bxf6 43. Qf3 Rc2 44. g4 Be7 45. Kf1 Bd6 46. Re2 Rxe2 47. Qxe2 Qd5 48. Kf2
$11) 40. gxh4 Bxh4 $2 {[%mdl 8192] Serious tactical mistake, Grischuk will not
be able to coordinate pieces for the sufficient counterplay.} (40... b3 41. Qh5
Rc2 42. Rf4 Bd8 43. Rg4+ Kf8 44. Qh8+ Ke7 45. Rg8 Kd7 46. Rxd8+ Kc7 47. Qg8 (
47. Rg8 Qh3 $19) 47... Qh3 48. Qxf7+ Kxd8 49. Qf8+ Kd7 $11) 41. Rg2+ Kf8 (41...
Kh6 42. Qf4+ Kh5 43. Rg7 $18) 42. Qh5 Bd8 (42... Be1 43. Nxe1 $18) 43. Qh8+ Ke7
44. Rg8 Kd7 {Sad necessity in the attempt to prevent Re8+, with an extra piece
Graf will win quite easily.} (44... Qb6 45. Qh4+ $1 (45. e6 Qc6 (45... Kxe6 46.
Qe5+ Kd7 47. Qd5+ $18) (45... fxe6 46. Re8+ Kd7 47. Ne5+ Kc8 48. Nxc4 $18) 46.
Qh4+ (46. Rxd8 Rc1+ 47. Nxc1 Qxc1+ 48. Kf2 Qd2+ $11) 46... f6 (46... Kxe6 47.
Qe1+ $18) 47. Qh7+ Kxe6 48. Rxd8 Rc1+ 49. Kf2 Rc2+ 50. Ke1 Rc1+ 51. Ke2 Qg2+
52. Nf2 d3+ 53. Qxd3 Qf1+ 54. Kf3 Qxd3+ 55. Nxd3 $18) 45... Kd7 46. e6+ $1 fxe6
47. Ne5+ Kc8 48. Nxc4 $18) 45. Rxd8+ Kc7 46. Rg8 Rc2 (46... Qf5 47. Qh4 (47.
Rg3 Rc2 48. Qa8 $18) 47... Qxd3 48. Qe7+ Kc6 49. Rc8+ Kd5 50. Qxf7+ Ke4 51.
Qxc4 (51. Qh7+ Ke3 52. Qxd3+ $2 Kxd3 53. Rxc4 Kxc4 54. e6 d3 $17) 51... Qg3+
52. Kf1 Qh3+ 53. Ke1 $18) 47. Qh4 Rd2 48. Qd8+ Kc6 (48... Kb7 49. Nc5+ $18) 49.
Qa8+ Kb5 (49... Kc7 50. Qb8+ Kc6 51. Nxb4+ Kc5 52. Qc7+ Kb5 53. Rb8+ $18) 50.
Rb8+ Kc4 51. Rc8+ (51. Rc8+ Kxd3 (51... Kb3 52. Nc5+ Kxb2 53. Nxe6 $18) (51...
Kb5 52. Rc5+ Kb6 53. Qb8+ Ka6 54. Nxb4#) 52. Qf3#) 1-0

[Event "URS-sf Russia-ch"]
[Site "Gorky"]
[Date "1989.??.??"]
[Round "?"]
[White "Baburin, Alexander"]
[Black "Dreev, Alexey"]
[Result "0-1"]
[WhiteElo "2415"]
[BlackElo "2570"]
[Annotator "Ftacnik,L"]
[PlyCount "52"]
[EventDate "1989.11.??"]
[EventType "tourn"]
[EventRounds "13"]
[EventCountry "URS"]
[EventCategory "7"]
[SourceTitle "CBM 016"]
[Source "ChessBase"]
[SourceDate "1990.06.01"]
[SourceVersion "1"]
[SourceVersionDate "1990.06.01"]
[SourceQuality "1"]

1. d4 d5 2. c4 c6 3. cxd5 cxd5 4. Nc3 Nf6 5. Nf3 Nc6 6. Bf4 e6 7. e3 Nh5 8. Bg5
Qb6 9. Bb5 h6 10. Bh4 Bd7 11. O-O Bd6 {N} (11... g5 12. Nd2 Ng7 13. Bg3 a6 14.
Bd3 Be7 15. Na4 Qd8 16. Nc5 Bxc5 17. dxc5 e5 18. e4 $16 {Osnos-Nogueiras,J/
Plovdiv/1982/}) 12. e4 (12. Ne5 Bxe5 13. Qxh5 (13. dxe5 g6 14. Bxc6 Bxc6 $10)
13... Bc7 14. a4 a6 15. a5 Qa7 16. Bxc6 Bxc6 17. f4 g6 18. Qg4 Bd8 19. Bxd8
Rxd8 20. Qh4 $14 {Murshed,N-Dreev,A/Palma GMA-op/1989/0-1/58/ -> TD 1989/12})
12... O-O (12... dxe4 $2 13. d5 $1 $16) 13. exd5 exd5 14. Ne5 Bxe5 15. dxe5 Nf4
(15... d4 $5) 16. Bg3 Ne6 17. Qxd5 Rfd8 18. Qe4 Ned4 19. a4 $13 Bf5 20. Qh4 a6
21. Bc4 Qxb2 22. Nd5 Be6 23. Rab1 (23. Rfb1 $5) 23... Qa3 24. Ne3 Rab8 25. Bf4
Bxc4 26. Nxc4 Qxa4 {Ftacnik} 0-1

[Event "BEL-chT 9697"]
[Site "Belgium"]
[Date "1996.??.??"]
[Round "2"]
[White "Kallai, Gabor"]
[Black "Gurevich, Mikhail"]
[Result "0-1"]
[WhiteElo "2500"]
[BlackElo "2605"]
[Annotator "Gurevich,M"]
[PlyCount "78"]
[EventDate "1996.??.??"]
[EventType "team"]
[EventRounds "11"]
[EventCountry "BEL"]
[SourceTitle "CBM 056"]
[Source "ChessBase"]
[SourceDate "1997.02.01"]
[SourceVersion "1"]
[SourceVersionDate "1997.02.01"]
[SourceQuality "1"]

1. d4 d5 2. c4 c6 3. cxd5 cxd5 4. Nc3 Nf6 5. Nf3 Nc6 6. Bf4 a6 7. e3 Bg4 8. Be2
e6 9. h3 Bxf3 10. Bxf3 Bd6 11. Bxd6 Qxd6 12. O-O O-O 13. Rc1 Rfc8 $5 (13...
Rac8 14. Qe2 b5 15. Rfd1 Rfd8 16. g3 h6 17. Bg2 Na5 18. Nb1 $10 {1/2-1/2 Huss,
A-Wojtkiewicz,A/Neuchatel op (04) 1996 (35)}) 14. e4 $5 dxe4 15. Nxe4 Nxe4 16.
Bxe4 Nxd4 17. Rxc8+ $6 (17. Qd3 $1 Qb6 $5 (17... h6 18. Bxb7 Rxc1 19. Rxc1 $14)
18. Bxh7+ Kh8 19. Be4 $10 Qxb2 $6 20. Rb1 $36) 17... Rxc8 18. Bxb7 (18. Qd3 b5
19. Bxh7+ Kf8 20. Rd1 $10) 18... Rc2 $36 19. Bxa6 Rxb2 20. Qa4 (20. Bc4 g6 21.
Qa4 Qf4 $36) 20... g6 21. Rd1 Rb4 $1 $17 (21... e5 22. Re1 Kg7 23. Qa5 $132)
22. Qe8+ (22. Qa3 $2 Rb1 $1 23. Qxd6 (23. Qa4 Nf3+ $19) (23. Qd3 Nf3+ $19)
23... Rxd1+ 24. Kh2 Nf3+ $19) (22. Qa5 Nf3+ $19) 22... Kg7 23. Bd3 Qd5 $1 (
23... Rb2 24. Qa8 (24. a4 $2 Rb8 $19) 24... Qf4 25. Rf1 $15) 24. Qe7 (24. a3
Qb3 $1 25. Rb1 Qxd3 $1 26. Rxb4 Ne2+ 27. Kh2 Qd1 $19) (24. a4 Qb3 $19) (24. Rd2
Nf3+ 25. gxf3 Qg5+ $19) 24... Rb2 25. Qc7 Rxa2 $17 26. Qc3 Qe5 27. Qc4 Rb2 28.
Bf1 Nf5 29. Qd3 h5 30. Rb1 (30. Rd2 Rxd2 31. Qxd2 h4 $17) 30... Ra2 31. Qb3 Rd2
32. Rd1 Rb2 33. Qa3 Qf6 $5 {><f2} 34. Rd8 Nh6 $1 $19 35. Qf8+ Kh7 36. f3 (36.
f4 Qc3 $19) 36... Rb1 37. Kf2 Qb2+ 38. Be2 Qb6+ 39. Kg3 Nf5+ (39... Nf5+ 40.
Kh2 (40. Kf4 Qe3#) 40... Qg1#) 0-1

[Event "Linares zt"]
[Site "Linares"]
[Date "1995.??.??"]
[Round "5"]
[White "Antunes, Antonio"]
[Black "Gurevich, Mikhail"]
[Result "1/2-1/2"]
[WhiteElo "2530"]
[BlackElo "2585"]
[Annotator "Gurevich,M"]
[PlyCount "77"]
[EventDate "1995.11.??"]
[EventType "swiss"]
[EventRounds "11"]
[EventCountry "ESP"]
[SourceTitle "CBM 051"]
[Source "ChessBase"]
[SourceDate "1996.04.01"]
[SourceVersion "1"]
[SourceVersionDate "1996.04.01"]
[SourceQuality "1"]

1. Nf3 d5 2. d4 c6 3. c4 Nf6 4. cxd5 cxd5 5. Nc3 Nc6 6. Bf4 a6 7. Rc1 Ne4 8.
Ne5 Nxc3 9. Rxc3 e6 $5 {TN} (9... Bd7 10. Qb3 $5 (10. e3 {-52/(373)}) 10... f6
11. Nxc6 Bxc6 12. e3 e6 13. Bd3 Be7 14. O-O Kf7 15. Rfc1 Qd7 16. Qd1 g6 {
(1/4 1/4 Volzhin,A-Rublevsky,S Novgorod op 1995}) 10. Nxc6 bxc6 {[/\11...Bb4]}
11. a3 (11. Rxc6 $6 Bd7 (11... Qa5+ $5) 12. Rc2 Qa5+ 13. Bd2 Qxa2 $132) 11...
Bd6 $5 12. e3 (12. Bxd6 Qxd6 13. e3 O-O 14. Bd3 Bd7 $10) 12... Bxf4 13. exf4
Qb6 14. Rb3 $6 (14. Qd2 Rb8 15. Rc2 O-O 16. Be2 a5 17. O-O Ba6 $10) 14... Qc7
15. Qc1 O-O 16. Rc3 Qb6 17. Qd2 (17. Rxc6 Qxd4 18. Be2 Bb7 $15) 17... Rb8 18.
b3 Bd7 (18... f6 19. Bd3 $1 (19. Be2 e5 $36) 19... Kh8 20. Bc2 $36) 19. Be2
Rfc8 {[/\20...c5]} 20. O-O (20. b4 $6 a5 $36 21. bxa5 Qxa5 22. O-O c5 $17) (20.
Qe3 $5 f6 $5 21. Bg4 $1 (21. O-O e5 $1 22. fxe5 fxe5 23. Qxe5 (23. dxe5 $2 d4)
23... Re8 24. Qd6 (24. Qh5 $2 Qxd4 $17 25. Rfc1 Re5 26. Qf3 Rf8 $19) 24... Qxd4
$132) 21... Re8 (21... Kh8 22. O-O e5 23. Bxd7 exd4 24. Qe6 dxc3 25. Bxc8 Qd8
26. Bxa6 $16) (21... e5 $2 22. Bxd7 exd4 23. Qe6+ $18) 22. O-O Qc7 $5 (22... e5
$2 23. Bxd7 exd4 24. Rxc6 $16) 23. Re1 Qd6 24. b4 $14) 20... c5 21. dxc5 Rxc5
22. Rxc5 Qxc5 23. b4 Qd6 $10 24. Rc1 (24. Qd4 Rc8 $15) 24... Bb5 (24... d4 $2
25. Rc4 $16) 25. g3 (25. Bxb5 axb5 26. Qd4 h6 $10) 25... d4 26. Bxb5 axb5 {
And not 29...Rxb5, as given in sam sources.} 27. Qd3 Qd7 28. Rc5 g6 29. h4 h5
30. Kf1 Rb6 31. Ke2 Rb8 32. Kd2 Rb6 33. Ke1 Rb8 34. Kd1 Rb6 35. Kc2 Rb8 36. Kb2
Rb6 37. f3 Rb8 38. Kb3 Rb6 39. Kb2 (39. g4 $6 hxg4 40. fxg4 e5 41. Rxe5 Qxg4
42. Qxd4 (42. Re8+ Kg7 43. Qxd4+ Rf6 $10) 42... Rb8 $132) 1/2-1/2

[Event "Rubinstein Memorial 36th"]
[Site "Polanica Zdroj"]
[Date "1999.08.25"]
[Round "8"]
[White "Milov, Vadim"]
[Black "Gurevich, Mikhail"]
[Result "1/2-1/2"]
[WhiteElo "2626"]
[BlackElo "2643"]
[Annotator "Gurevich,M"]
[PlyCount "60"]
[EventDate "1999.08.17"]
[EventType "tourn"]
[EventRounds "9"]
[EventCountry "POL"]
[EventCategory "15"]
[SourceTitle "CBM 073"]
[Source "ChessBase"]
[SourceDate "1999.12.01"]
[SourceVersion "1"]
[SourceVersionDate "1999.12.01"]
[SourceQuality "1"]

1. d4 d5 2. c4 c6 3. Nc3 Nf6 4. cxd5 cxd5 5. Bf4 Nc6 6. Nf3 a6 7. Rc1 Bf5 8. e3
Rc8 9. Be2 e6 10. O-O Bd6 (10... Nd7 11. Nd2 Bg6 12. Nb3 Be7 13. Na4 O-O 14. a3
Re8 15. Bg3 Bh4 16. Bxh4 Qxh4 17. Nac5 $14 {1/2-1/2 Andersson,U-Short,N/Pula
1997/CBM 57 ext (27)}) 11. Bxd6 Qxd6 12. Na4 $5 {TN} (12. Qb3 Rc7 13. Na4 Nd7
14. Nc5 Nxc5 15. Rxc5 Bg4 16. Rfc1 O-O 17. Qb6 Bxf3 18. Bxf3 Rd7 19. Bd1 $14 {
1/2-1/2 Szekely,P-Kaufman,L/Hampstead 1998/EXT 99 (31)}) 12... O-O 13. Nc5 Rc7
14. Qb3 Qe7 $1 15. Rc3 (15. Qb6 Rfc8 $132 {(/\16...Nd8)}) (15. Qa4 Rfc8 $132
16. Nxb7 $2 Nxd4 $1 17. Nxd4 Rxc1 18. Nxf5 (18. Qxa6 Bg4 $19) 18... exf5 19.
Qxa6 Ne4 $19) 15... Bg4 $5 {[/\16...e5; 16...Bxf3, 17...e5<=>[+]]} 16. h3 (16.
Rfc1 e5 $5 (16... Ne4 17. R3c2 Nxc5 18. Rxc5 $14) 17. dxe5 (17. Nxa6 Nxd4 $1
18. exd4 Rxc3 19. Rxc3 exd4 20. Nxd4 Bxe2 (20... bxa6 $11 21. Bxa6 Qe1+ 22. Bf1
Ne4 $17) 21. Re3 Qd6 22. Rxe2 bxa6 $11) 17... Nxe5 18. Nxe5 Bxe2 19. Ncd3 Rfc8
$132) 16... Bxf3 17. Bxf3 e5 $1 $132 18. Qa4 (18. dxe5 Nxe5 19. Rfc1 Nxf3+ 20.
gxf3 d4 $5 21. exd4 Nh5 $44) 18... exd4 19. exd4 Na7 $1 {/\20...Nb5<=><<} (
19... b5 20. Qd1 $14) 20. Re3 Qd6 21. Qd1 Nc6 $5 (21... Nb5 22. Nb3 Rfc8 23.
Rfe1 $13) 22. Rc3 (22. Nb3 a5 $5 {/\23...a4<=>}) 22... Rfc8 23. Bg4 Nxg4 $5 (
23... Rd8 $5 $15) 24. Qxg4 {[#]} h5 $5 (24... f5 $5 25. Qxf5 (25. Qh4 Nxd4 26.
Qxd4 (26. Nxb7 Ne2+ 27. Kh1 Qd7 $15) 26... Rxc5 $15) 25... Nxd4 26. Qd3 (26.
Qg4 Qf4 $3 27. Qxf4 Ne2+ 28. Kh2 Nxf4 29. Nxb7 Rxc3 30. bxc3 Rxc3 $15)) (24...
Nxd4 25. Nxb7 $1 $14) 25. Qxh5 Nxd4 26. Rd1 $1 (26. Nxb7 Qe7 27. Rxc7 Rxc7 28.
Na5 Qe4 $44) 26... Rxc5 27. Rxd4 Rxc3 28. bxc3 Rxc3 29. g3 $11 g6 30. Qxd5 Qxd5
1/2-1/2

[Event "DEN-ch"]
[Site "Odense"]
[Date "1994.??.??"]
[Round "1"]
[White "Hansen, Lars Bo"]
[Black "Schandorff, Lars"]
[Result "1-0"]
[WhiteElo "2545"]
[BlackElo "2430"]
[Annotator "Hansen,LB"]
[PlyCount "105"]
[EventDate "1994.07.??"]
[EventType "tourn"]
[EventRounds "9"]
[EventCountry "DEN"]
[EventCategory "10"]
[SourceTitle "CBM 041"]
[Source "ChessBase"]
[SourceDate "1994.08.01"]
[SourceVersion "1"]
[SourceVersionDate "1994.08.01"]
[SourceQuality "1"]

1. d4 Nf6 2. Nf3 d5 3. c4 c6 4. cxd5 cxd5 5. Nc3 Nc6 6. Bf4 Ne4 7. e3 Nxc3 8.
bxc3 g6 9. Be2 (9. Bb5 Bg7 10. Ne5 Bxe5 11. Bxe5 O-O 12. Bxc6 bxc6 13. Qa4 Bf5
14. O-O Qb6 $10 {Ivanov,I-Shabalov,A/New York op/1994/}) (9. Bd3 Bg7 10. O-O
O-O 11. e4 Bg4 12. h3 Bxf3 13. Qxf3 e5 14. dxe5 Bxe5 15. exd5 Bxf4 16. dxc6
bxc6 17. Rab1 Qf6 $10 {Andersson,U-Hansen,LB/Polanica Zdroj/1993/}) 9... Bg7
10. O-O O-O 11. c4 dxc4 12. Bxc4 b6 $146 (12... Bf5 13. Rc1 Rc8 14. Qe2 $14 {
Portisch,L-Kramnik,V/Biel izt/1993/}) 13. Rc1 Bb7 14. Qa4 $5 (14. Qe2) 14... a6
$1 (14... Na5 $6 15. Bc7 $1 Qc8 16. Be2 $14 (16. Bxb6 $2 Nxc4 17. Rxc4 Qf5 $17)
) 15. Qa3 Rc8 16. Qb2 b5 17. Be2 Qd7 18. a4 $1 $14 Na7 $1 19. axb5 Nxb5 $1 20.
Qb4 Rxc1 21. Rxc1 Rc8 22. Rxc8+ Bxc8 23. Ne5 $1 Bxe5 24. Bxe5 $14 {^^} Bb7 25.
f3 f6 26. Bg3 Kf8 27. Be1 Qd6 28. Qb2 Qa3 29. Qxa3 Nxa3 30. Kf2 Nb5 31. h4 Kf7
32. Ba5 Bc6 $6 (32... f5 $1 $14 33. g4 $140 fxg4 34. fxg4 Nd6 $1 {>< e4}) 33.
Bd3 $6 (33. g4 $1 $16) 33... Bb7 $6 $138 (33... f5 $1 $14) 34. g4 $1 $16 e6 35.
Kg3 Bd5 36. Bb4 Bb7 37. g5 $1 Nc7 38. Ba5 Nd5 39. e4 Ne7 40. Bc3 $1 f5 $8 41.
Kf4 $18 fxe4 42. fxe4 Nc6 43. Bc4 Ke7 44. d5 $1 exd5 45. exd5 Nd8 46. Bb4+ Kd7
47. Ke5 Nf7+ 48. Kf6 Nd6 49. Bb3 Ne8+ 50. Ke5 $1 {>< Ne8} Kc8 51. d6 Bc6 52.
Bg8 Ng7 53. Bxh7 (53. Bxh7 Be8 54. Bxg6 $1 Bxg6 55. Kf6 $18) 1-0

[Event "FRA-chT Gp-B"]
[Site "France"]
[Date "2003.02.01"]
[Round "2.5"]
[White "Sulava, Nenad"]
[Black "Pert, Nicholas"]
[Result "1-0"]
[WhiteElo "2535"]
[BlackElo "2468"]
[Annotator "Hecht,H"]
[PlyCount "129"]
[EventDate "2003.01.31"]
[EventType "team"]
[EventRounds "7"]
[EventCountry "FRA"]
[SourceTitle "CBM 094"]
[Source "ChessBase"]
[SourceDate "2003.05.26"]
[SourceVersion "1"]
[SourceVersionDate "2003.05.26"]
[SourceQuality "1"]
[WhiteTeam "Nice"]
[BlackTeam "Montpellier"]
[WhiteTeamCountry "FRA"]
[BlackTeamCountry "FRA"]

1. d4 c6 2. Nf3 d5 3. c4 Nf6 4. cxd5 cxd5 5. Nc3 Nc6 6. Bf4 a6 7. Rc1 Bf5 8. e3
e6 9. Qb3 Ra7 10. Be2 Nd7 11. O-O Be7 12. Na4 Bg4 13. h3 Bxf3 14. Bxf3 O-O 15.
Rfd1 Nf6 16. Nc5 Na5 17. Qc2 Nc4 18. b3 Nd6 19. Be2 h6 20. Bd3 Nde8 21. Be5 Bd6
22. Kh1 Nd7 23. Nxd7 Qxd7 24. e4 Ba3 25. Rb1 dxe4 26. Bxe4 Bd6 27. Qe2 Nc7 28.
Rbc1 f6 29. Qh5 b5 30. Rc6 Bxe5 31. dxe5 Qe7 32. exf6 Rxf6 33. f3 b4 34. Rcd6
Ne8 35. Rd8 Rf8 36. Qe5 Nf6 37. R8d6 Nxe4 38. Qxe4 a5 39. Rxe6 Qf7 40. Red6 Re7
41. Qd5 Re2 42. Qxf7+ Kxf7 43. Rd7+ Re7 44. R1d5 Ra8 45. Kg1 Ra7 46. Rxa7 Rxa7
47. Rd6 Rc7 48. Rd5 Ra7 {Aktive weiße vs passive schwarze Figuren} 49. Kf2 Ke6
50. Rh5 Kd6 51. Ke3 Kc6 ({Nicht von der Hand zu weisen ist} 51... a4 $5 52. Rb5
axb3 53. axb3 Ra2 54. g3 Rg2 55. g4 Rh2 56. Rxb4 Rxh3 57. Rb6+ Ke7 58. Rb7+ Kf6
59. b4 Rh1 {um einen Teil der Bauernschwächen loszuwerden und auf Kosten eines
Minusbauern einen beweglichen Turm zu erhalten. Eine kleine Gegenspielchance
lautet hier g6 nebst h5 (Freibauernbildung).}) 52. Kd3 Kb6 (52... a4 53. Kc4
axb3 54. axb3 Ra2 55. g4 Rf2 56. Rf5 Rh2 {mit ähnlichen Ideen wie in der
vorigen Anmerkung skizziert.}) 53. Rd5 Rc7 54. h4 Ka6 55. h5 Rf7 {Bleibt bis
zum bitteren Ende passiv. Wenn man keine eisenharte Verteidigungsstellung
einnehmen kann, so sollte man stets auf der Suche nach Aktivität sein.} (55...
Rc3+ 56. Kd2 a4 57. bxa4 (57. Rd3 Rc5 58. g4 a3) 57... Ra3 {ist erneut der
aktivere Weg}) 56. Kc4 Rc7+ 57. Rc5 Rd7 58. Rc6+ Kb7 59. Rg6 Re7 60. g4 Kb8 61.
Kb5 $18 {[%csl Ra5,Rg7] Beide schwarzen Bauernschwächen sind fixiert und der
schwarze König abgedrängt. Besser kann das Bild einer aktiven und einer
passiven Figurenaufstellung nicht festgehalten werden.} Ra7 62. f4 Kc8 63. f5
Kb8 64. Kb6 a4 65. bxa4 1-0

[Event "Winterthur"]
[Site "Winterthur"]
[Date "1996.??.??"]
[Round "9"]
[White "Ballmann, Martin"]
[Black "King, Daniel J"]
[Result "0-1"]
[WhiteElo "2360"]
[BlackElo "2535"]
[Annotator "Hecht,H"]
[PlyCount "108"]
[EventDate "1996.09.??"]
[EventType "tourn"]
[EventRounds "11"]
[EventCountry "SUI"]
[EventCategory "9"]
[SourceTitle "CBM 055"]
[Source "ChessBase"]
[SourceDate "1996.12.01"]
[SourceVersion "1"]
[SourceVersionDate "1996.12.01"]
[SourceQuality "1"]

1. g3 d5 2. Bg2 c6 3. c4 Nf6 4. cxd5 cxd5 5. d4 Nc6 6. Nc3 Bf5 7. Nf3 e6 8. O-O
Be7 9. Bg5 O-O 10. e3 Rc8 11. Qe2 h6 12. Bxf6 Bxf6 13. Rfc1 Be7 14. Qb5 Qd7 15.
Na4 Ne5 16. Qxd7 Nxd7 17. Bf1 a6 18. Ne5 Nxe5 19. dxe5 f6 20. Nb6 Rc6 21. Rxc6
bxc6 22. Rc1 c5 23. Nd7 Rc8 24. Bxa6 Ra8 25. Bb5 Rxa2 26. exf6 gxf6 27. Bf1 c4
28. Bg2 Rxb2 29. e4 Bxe4 30. Bxe4 dxe4 31. Rxc4 {[#] Bauern auf 1 Flügel;
guter L trotz falschem Eckfeld h1; passive weiße Figuren auf engem Raum;
Taktik; Freibauern nach Qualleopfer} Rb7 32. Rc8+ Kf7 33. Nb8 Bd6 34. Nc6 Rb1+
35. Kg2 Rb2 36. Nd4 Be5 37. Nc2 f5 38. Ne3 Ra2 39. Rc4 Kf6 40. h3 Rd2 41. Rc2
Rd3 42. Nf1 h5 43. h4 Bd4 44. Ra2 e5 45. Ra6+ Kg7 46. Ra2 f4 47. gxf4 exf4 48.
Ra5 (48. Nd2 Bxf2 49. Nxe4 (49. Kxf2 Rxd2+ 50. Rxd2 e3+ 51. Ke2 exd2 52. Kxd2
Kf6 $19) 49... Bxh4 $19) (48. Nh2 f3+ 49. Kh3 Be5 50. Ra4 Rd4 51. Ra7+ (51.
Rxd4 Bxd4 52. Nf1 Kf6 53. Ng3 (53. Nd2 Kf5 54. Kg3 Be5+ 55. Kh3 Kf4 56. Kh2 Bc3
$19) 53... Ke5 54. Nxh5 Bxf2 $19) 51... Kg6 52. Ra6+ Kf5 {[%csl Rh2][%cal
Rd4d1,Rd1h1] weiße Pattchance nach Turmmanöver Td4-d1-h1!?}) 48... Kf6 49. Rxh5
Rf3 50. Nh2 Rxf2+ 51. Kh3 Rxh2+ 52. Kxh2 e3 53. Rh6+ Kf5 54. Rh5+ Ke4 0-1

[Event "Espergarde PC"]
[Site "Espergarde"]
[Date "1992.??.??"]
[Round "3"]
[White "Berg, Klaus"]
[Black "Fries Nielsen, Niels Jorgen"]
[Result "1/2-1/2"]
[WhiteElo "2405"]
[BlackElo "2390"]
[Annotator "Hertneck,G"]
[PlyCount "66"]
[EventDate "1992.??.??"]
[EventType "tourn"]
[EventRounds "9"]
[EventCountry "DEN"]
[EventCategory "9"]
[SourceTitle "CBM 033"]
[Source "ChessBase"]
[SourceDate "1993.04.01"]
[SourceVersion "1"]
[SourceVersionDate "1993.04.01"]
[SourceQuality "1"]

1. d4 Nf6 2. Nf3 d5 3. c4 c6 4. cxd5 cxd5 5. Nc3 Nc6 6. Bf4 Nh5 7. Bd2 (7. Be5
f6 8. Bg3 g6 9. e3 Bg7 10. Bd3 O-O 11. O-O Be6 12. Rc1 Nxg3 13. hxg3 Bf7 $10 {
ECO}) (7. Bg5 $5 h6 8. Bh4) 7... e6 (7... g6 8. e3 Bg7 9. Be2 O-O 10. O-O e6
11. Rc1 Bd7 12. Na4 b6 $14 {ECO}) 8. e3 Bd6 9. Bd3 (9. Ne5 Nf6 10. f4 $14) 9...
f5 10. Ne5 g6 11. Nxc6 bxc6 12. Rc1 O-O 13. Na4 f4 14. e4 (14. Rxc6 fxe3 15.
Bxe3 Bb4+ $44) 14... Qh4 15. e5 (15. Rxc6 f3 16. gxf3 Bf4 $44) 15... f3 16.
gxf3 (16. g4 Ng3 $1 $13) 16... Be7 17. Be3 Bb4+ 18. Nc3 c5 19. Bf1 c4 20. Qd2
Rf5 21. h3 Bd7 22. Rg1 Qe7 23. Be2 Raf8 24. Rg4 Qf7 25. Bh6 Rb8 26. Kf1 Bf8 27.
Be3 Bg7 28. Kg2 Rf8 29. Bd1 Qe7 30. b3 cxb3 31. axb3 R8f7 32. Ra1 Be8 33. Ra6
Bf8 1/2-1/2

[Event "Madrid"]
[Site "Madrid"]
[Date "1994.??.??"]
[Round "7"]
[White "Salov, Valery"]
[Black "Kamsky, Gata"]
[Result "1/2-1/2"]
[WhiteElo "2685"]
[BlackElo "2695"]
[Annotator "Hertneck,G"]
[PlyCount "67"]
[EventDate "1994.05.??"]
[EventType "tourn"]
[EventRounds "9"]
[EventCountry "ESP"]
[EventCategory "15"]
[SourceTitle "CBM 041"]
[Source "ChessBase"]
[SourceDate "1994.08.01"]
[SourceVersion "1"]
[SourceVersionDate "1994.08.01"]
[SourceQuality "1"]

1. d4 d5 2. c4 c6 3. Nc3 Nf6 4. cxd5 cxd5 5. Nf3 Nc6 6. Bf4 a6 7. Ne5 Bd7 $5
$146 (7... e6) (7... Qb6 8. Nxc6 bxc6 9. Qd2 Bf5 10. f3 {Wojtkiewicz,A-Shirov,
A/Manila ol/1992}) 8. e3 e6 9. Bd3 Be7 10. O-O O-O 11. Qf3 Re8 12. g4 h6 13.
Rad1 Rc8 14. Bb1 b5 15. g5 hxg5 16. Bxg5 b4 17. Bxf6 Bxf6 18. Nxd7 Qxd7 19. Ne2
Qd6 20. Ng3 Kf8 $1 21. Bd3 a5 22. Rc1 Ne7 23. Nh5 Bg5 24. Qg3 (24. Qg4 Bh6)
24... Qxg3+ 25. hxg3 $10 Rxc1 26. Rxc1 Rc8 27. Rxc8+ Nxc8 28. Kf1 Nb6 29. b3 a4
30. bxa4 Nxa4 31. Bc2 Nc3 32. Bb3 Be7 33. Nf4 Bd6 34. Ne2 1/2-1/2